Líderes que forman líderes (Registro nro. 10289)
[ vista simple ]
| 000 -Cabecera | |
|---|---|
| Campo de control de longitud fija | 00772nam a22002777a 4500 |
| 005 - Fecha y hora de la última transacción | |
| Campo de control | 20250722163317.0 |
| 008 - Elementos de longitud fija--Información general | |
| Campo de control de longitud fija | 180116b2011 xxu||||| |||| 00| 0 spa d |
| 020 ## - International Standard Book Number | |
| Número Internacional Estándar del Libro (ISBN) | 9786074383317 |
| 041 ## - Idioma | |
| Código de idioma | Español |
| 082 ## - Clasificación Decimal Dewey | |
| Número de clasificación | 658.409. 2 B564l |
| 100 ## - Entrada principal--Autor personal | |
| Nombre personal | Betof, Edward |
| 9 (RLIN) | 45413 |
| 245 ## - Título propiamente dicho | |
| Título | Líderes que forman líderes |
| 260 ## - Pie de imprenta | |
| Lugar de publicación, distribución, etc. | México |
| 260 ## - Pie de imprenta | |
| Nombre del editor, distribuidor, etc. | Patria |
| 260 ## - Pie de imprenta | |
| Fecha de publicación, distribución, etc. | 2011 |
| 300 ## - Descripción física | |
| Extensión | 210 páginas |
| 490 ## - Serie | |
| Título de la Serie | Dirección y Administración de Empresas |
| 650 ## - Materia general | |
| Temática (materia general) | LIDERAZGO EJECUTIVO |
| 650 ## - Materia general | |
| Temática (materia general) | LÍDERES QUE FORMAN LÍDERES |
| 650 ## - Materia general | |
| Temática (materia general) | ORGANIZACIÓN ESTRATÉGICA |
| 650 ## - Materia general | |
| Temática (materia general) | CULTURA ORGANIZACIONAL |
| 650 ## - Materia general | |
| Temática (materia general) | SEIS SIGMA |
| 650 ## - Materia general | |
| Temática (materia general) | UN ROL PARA CADA LÍDER |
| 650 ## - Materia general | |
| Temática (materia general) | USOS DE MEDIOS Y TECNOLOGÍA PARA ENSEÑAR |
| 942 ## - Punto de acceso adicional KOHA | |
| Tipo de ítem KOHA | Libro |
| Fuente del sistema de clasificación o colocación | Dewey Decimal Classification |
| Signatura completa | Código de barras | Programa Académico | Tipo de ítem |
|---|---|---|---|
| 658.409. 2 B564l | 17087 | Dirección y Administración de Empresas | Libro |
| 658.409. 2 B564l | 17088 | Dirección y Administración de Empresas | Libro |